Statistics for people who died protecting harry potter directly or indirectly

Click here to take the quiz!

General Stats

  • This quiz has been taken 769 times
    (756 since last reset)
  • The average score is 8 of 11

Answer Stats

Answer% Correct
james potter
94%
lily potter
94%
fred weasley
88%
sirius black
88%
remus lupin
82%
nymphadora tonks
81%
dumbledore
71%
mad eye moody
69%
dobby
57%
hedwig
54%
colin creevey
40%

Score Distribution

Percentile by Number Answered

Percent of People with Each Score

Your Score History

You have not taken this quiz since the last reset